zpět

Detail výsledku týmu

Bartolomějka, Kolín

Datum a čas kvízu

27 Celkem bodů Celkový počet nahraných bodů na tomto kvízu bez doplňovacích otázek.
8. Pořadí na kvízu Konečné umístění týmu na tomto kvízu.

Zaznamenané odpovědi

# Otázka Odpověď Body Výsledky
1. Do boudy na hřebenech Krkonoš,... 1
2. Spojené státy a Izrael ve stře... 1
3. K Nejvyššímu soudu nastoupilo... 1
4. Dva zaměstnanci telekomunikačn... 1
5. Hokejisté hostujícího týmu vyh... 1
6. Věříme tomu, že nemálo z Vás v... 0
7. Poznáte podle fotky toto šumav... 0
8. Ve kterém městě najdeme toto k... 1
9. Ve spolkové zemi Salcbursko se... 1
10. Která dvě česká slova jsou nap... 1